Normal view
MARC view
Entry Personal Name
001 - CONTROL NUMBER
- control field: 8577
003 - CONTROL NUMBER IDENTIFIER
- control field: OSt
005 - DATE AND TIME OF LATEST TRANSACTION
- control field: 20160509154530.0
008 - FIXED-LENGTH DATA ELEMENTS
- fixed length control field: 160509|| aca||aabn | a|a d
040 ## - CATALOGING SOURCE
- Original cataloging agency: OSt
- Transcribing agency: OSt
100 ## - HEADING--PERSONAL NAME
- Personal name: Kjekshus,Helge;
670 ## - SOURCE DATA FOUND
- Source citation: Work cat.: (OSt): Kjekshus,Helge;, Ecology Control and Economic Development in East African History., 1997.
